Missing Word: Bee Gees Quiz Stats

 Plays Quiz Updated Jul 13, 2018

Challenge
Share
Tweet
Embed
Score 0/16 Timer 03:00
0 Plays Today
Song Missing Word % Correct
How Deep Is Your _____Love
98.5%
Stayin' _____Alive
96.1%
How Can You _____ a Broken HeartMend
95.3%
______ TalkinJive
84.9%
_____ FeverNight
81.8%
You Should Be _____Dancing
75.1%
More Than a _____Woman
66.9%
I've Gotta Get a _____ to YouMessage
62.7%
Song Missing Word % Correct
Nights on _______Broadway
57.6%
I Started a ______Joke
55.8%
New York Mining ______ 1941Disaster
50.8%
To Love ______Somebody
50.7%
Lonely _____Days
39.4%
Too Much ______Heaven
38.5%
______ (Be Tender With My Love)Fanny
29.5%
Edge of the ______Universe
18.8%

Today's Daily Dose

You're not logged in!

Compare scores with friends on all Sporcle quizzes.
OR
Log In

You Might Also Like...

Show Comments

Extras

Top Quizzes Today


Score Distribution

Your Account Isn't Verified!

In order to create a playlist on Sporcle, you need to verify the email address you used during registration. Go to your Sporcle Settings to finish the process.

Report this User

Report this user for behavior that violates our Community Guidelines.

Details: